| 000 | 00000nam##2200000za#4500 |
| 001 | 9.571251 |
| 003 | CaOODSP |
| 005 | 20210624182632 |
| 007 | cr ||||||||||| |
| 008 | 150406|1997||||xxc|||||o f|0| 0 eng|d |
| 040 | |aCaOODSP|beng |
| 043 | |an-cn--- |
| 086 | 1 |aEn1-17/24-1997E-PDF |
| 110 | 1 |aCanada.|bEnvironment Canada. |bTechnology Development Section. |
| 245 | 10|aInnovative technology. OBELIA - a surface-current monitoring system |h[electronic resource] |
| 260 | |aMontreal - Quebec : |bEnvironment Canada. |cMarch 1997. |
| 300 | |a4p.|bfigs. (some coloured), photographs |
| 490 | 1 |aSt. Lawrence technologies |
| 500 | |aIncorrect catalogue number (En1-17/26/1997E), ISSN (1188-7990) and ISBN (0-662-25327-2) copied in this electronic publication. |
| 590 | |a12-02-Supp|b2012-01-20 |
| 690 | 07|aEnvironmental technology|2gcpds |
| 775 | 08|tOutil nouvateur. OBELIA - un système de suivi des courants de surface |w(CaOODSP)9.601872 |
| 830 | #0|aSt. Lawrence technologies.|w(CaOODSP)9.504441 |
| 856 | 40|ahttp://publications.gc.ca|qPDF|s369 KB|uhttps://publications.gc.ca/collections/Collection/En1-17-24-1997E.pdf |